LEADER 01132nam a2200265 i 4500 001 000000145312 003 CaOOAMICUS 005 20051122000000.0 008 051122s1999 it u000 u ita u 013 $a120704 020 $a88-7910-859-X 040 $aSeMil$bita 100 1 $aNatoli, Salvatore,$d<1942- >.$0(OLS)http://semarc/name/16452 245 13$aLa politica e la virtù /$cSalvatore Natoli, Luigi Franco Pizzolato ; Introduzione di Franco Riva. 260 $aRoma :$bEdizioni Lavoro,$ccopyr. 1999. 300 $aXLVIII, 89 p. ;$c18 cm. 650 4$aPolitica - Filosofia.$0(OLS)http://semarc/subject/7764 700 1 $aRiva, Franco,$d<1953- >.$0(OLS)http://semarc/name/34612 700 1 $aPizzolato, Luigi Franco,$d<1939- >.$0(OLS)http://semarc/name/40 850 $aSeMil 852 $aSeMil$W1$xVenegono$y1$m333 4 28 *$j98116$B98116$CSeMilBibl$Z2$F106023 $81 961 $aLascito: Malvezzi Elio 996 $6020$a88-7910-859-X$9(OLS)http://semarc/number/133764 996 $6245$aLa politica e la virtù$9(OLS)http://semarc/title/212539 996 $6260$aRoma :$bEdizioni Lavoro$9(OLS)http://semarc/publisher/31304 LEADER 01039nam a2200277 i 4500 001 000000154097 003 CaOOAMICUS 005 20231107113537.0 008 061010s1083 it u000 u ita u 013 $a131443 040 $aSeMil$bita 100 1 $aCrotti Bosco, Lelia.$0(OLS)http://semarc/name/60288 245 10$aE adess... ve la cunti mi /$cLelia Crotti Bosco. 260 $aMilano :$bLibreria Meravigli,$ccopyr. 1983. 300 $a99 p. ;$c21 cm. 490 0 $aRacconti in milanese 500 $aFondo card. Giovanni Colombo. 650 4$aPoesia dialettale - Milano.$0(OLS)http://semarc/subject/1291 830 0$aRacconti in milanese.$0(OLS)http://semarc/title/27800 850 $aSeMil 852 $aSeMil$W1$xVenegono$y1$m1F V 9$j105960$B105960$CSeMilBibl$Z2$F140902 $81 941 1 $a3 961 $aLascito: Colombo Card. Giovanni 996 $6245$aE adess... ve la cunti mi$9(OLS)http://semarc/title/225475 996 $6260$aMilano :$bLibreria Meravigli$9(OLS)http://semarc/publisher/33313